Smichovynky

Podrobná bibliografia
Hlavný autor: Lehdan, Ilja, 1932-2010 (Autor)
Médium: Článok
Jazyk:ukrajinčina
Predmet:

MARC

LEADER 00000nab a2200000 a 4500
001 vtls008963307
003 SK-MaSNL
005 20260303070745.0
008 070412c2006 xo wr p 000 c0ukr
015 |a SNBRB2007/04 
038 |a SVKPOCL 
040 |a SVKPO  |b slo  |c SVKPO  |e AACR2 
041 0 |a ukr 
044 |a xo  |c SK 
080 |a 821.161.2 (437.6)-1=161.2  |2 2001 
100 1 |a Lehdan, Ilja,  |d 1932-2010  |4 aut  |9 103419 
245 1 0 |a Smichovynky  |c Illja Legdan 
500 |a Blok obsahuje 3 básne 
650 0 7 |a ukrajinská literatúra  |z Slovensko  |2 svkpocl  |9 306583 
650 0 7 |a ukrajinská poézia  |2 svkpocl  |9 59029 
655 7 |a satirické básne, ukrajinské  |2 svkpocl  |9 1061027 
740 0 2 |a Pohani i hirši 
740 0 2 |a Selo - ne misto 
740 0 2 |a Nevistka arejista 
773 0 |t Nove žyttja  |g Roč. 56, č. 43-44 (2006), s. 6 
852 |a SVKPO  |b KIS3GCP 
958 |a UK 
958 |a SK 
958 |a LX 
999 |c 1756791  |d 1758721